Ewige Tabelle Eishockey Oberliga - Statistiken

Allgemein
  • Dieses Quiz wurde 206 mal gespielt
  • Das Durchschnittsergebnis liegt bei 12 aus 49
Antwortstatistiken
Punkte Mannschaft % Korrekt
834 Rosenheim
61%
285 Landshut
57%
537 Weiden
53%
384 Riessersee
50%
568 Deggendorf
43%
485 Füssen
42%
383 Memmingen
41%
480 Selb
41%
823 Hannover Indians
39%
590 Hannover Scorpions
39%
384 Essen
38%
135 Heilbronn
38%
234 Kaufbeuren
36%
447 Tölz
36%
241 Passau
33%
183 Freiburg
32%
275 Lindau
31%
842 Peiting
30%
312 Duisburg
29%
126 Dresden
28%
644 Halle
28%
792 Herne
28%
219 Bad Nauheim
25%
152 Landsberg
25%
764 Tilburg
25%
228 Höchstadt
22%
249 Klostersee
21%
324 Erfurt
20%
96 Ravensburg
20%
54 Hamm
18%
102 Miesbach
17%
579 Eisbären Regensburg
16%
96 Herford
14%
665 IceFighters Leipzig
11%
482 Rostock Piranhas
11%
90 Dortmund
10%
99 Krefelder EV
10%
207 Sonthofen
9%
57 Waldkraiburg
9%
486 Crocodiles Hamburg
8%
85 Limburg
7%
18 FASS Berlin
5%
78 Harzer Falken
5%
108 Preußen Berlin
5%
15 Schönheide
5%
66 Timmendorfer Strand
5%
24 EHC Thüringen
1%
99 Eisbären Berlin Juniors
1%
51 Sting
1%
Keine übereinstimmenden Quizze gefunden
Verteilung der Resultate
Anzahl Personen mit jedem Resultat
Perzentil nach korrekt beantworteten Fragen
Ihre Resultats-Entwicklung
Sie haben dieses Quiz noch nicht gespielt